LEADER 00797nam a2200181 i 4500 001 000000027278 003 CaOOAMICUS 005 20180830125447.0 008 180830s1946 fr u000 u und u 040 $aSeMil$bita 245 10$aTraité de droit canonique /$cpublié sous la direction de Raoul Naz. 260 $aParis :$bLetouzey et Ané,$c1946-1948. 300 $a2 v. ;$c26 cm. 700 1 $aNaz, Raoul.$0(OLS)http://semarc/name/3521 774 0 $tIntroduction règles générales des personnes.$gTome1$w()53421 774 0 $tLieux et temps sacrés culte divin ; Magistère Bénéfices écclésiastiques biens temporels de l'église.$gTome3$w()215453 996 $6245$aTraité de droit canonique$9(OLS)http://semarc/title/36910 996 $6260$aParis :$bLetouzey et Ané$9(OLS)http://semarc/publisher/29867 LEADER 00833nam a2200193 i 4500 001 000000190765 003 CaOOAMICUS 005 20100701000000.0 008 100701s1915 it u000 u ita u 013 $a169214 040 $aSeMil$bita 245 10$aMons. Pier Luigi Speranza Vescovo di Bergamo dal 1854 al 1879 :$bmemorie e documenti. 260 $aBrescia :$bQueriniana,$c1915. 300 $aXV, 597 p., [1] p. di ritratto ;$c22 cm. 650 4$aSperanza, Pietro Luigi .$0(OLS)http://semarc/subject/33989 850 $aSeMil 852 $aSeMil$W1$xVenegono$y1$m3H IV 120$j141382$B141382$CSeMilBibl$Z2$F152928 $81 996 $6245$aMons. Pier Luigi Speranza Vescovo di Bergamo dal 1854 al 1879 :$bmemorie e documenti$9(OLS)http://semarc/title/274862 996 $6260$aBrescia :$bQueriniana$9(OLS)http://semarc/publisher/29615